| 000 | 00520nam a2200193Ia 4500 | ||
|---|---|---|---|
| 005 | 20250923150135.0 | ||
| 008 | 008 250917s9999 xx 000 0 eng d | ||
| 037 | _aTextual | ||
| 040 |
_aDSWL _beng _cDSWL |
||
| 041 |
_aeng _2eng |
||
| 084 | _qDSWL | ||
| 245 | 4 |
_aThe other Gujrat : Social transformation among weaker section _cEd. by T Shinoda |
|
| 260 |
_aMumbai _bPopular Publications _c2002 |
||
| 300 | _a425p. | ||
| 365 |
_aINR _b450 |
||
| 925 | _g450 | ||
| 942 | _cTEXL | ||
| 999 |
_c1460020 _d1460020 |
||